000 00233nam a2200097Ia 4500
008 240331s9999 xx 000 0 und d
082 _bMUK
100 _aMaris,
245 0 _aMukilkalin meethu nerruppu :
_bsanthanam oviyankal
942 _cL
999 _c3691
_d3691